| 000 | 01657nam0a2200421 4500 | ||
|---|---|---|---|
| 001 | RU\NLR\BIBL_A\022522973 | ||
| 005 | 20260420043212.0 | ||
| 010 | _a978-5-6053149-1-2 | ||
| 010 |
_a978-5-6053149-0-5 _9200 |
||
| 021 |
_aRU _bКН-П-25-010664 _9КН-П-25-1081 |
||
| 035 | _a(NLR Aleph) 022522973 | ||
| 090 |
_a13671674 _c13671674 |
||
| 100 | _a20250415d2025 k y0rusy50 ca | ||
| 101 | 0 |
_arus _atat |
|
| 102 | _aRU | ||
| 105 | _ay z 000yy | ||
| 181 | 0 |
_ai _baxxe |
|
| 182 | 0 | _an | |
| 200 | 1 |
_aТеле барның иле бар _dРодной язык – хранитель народа _fР. А. Юсупов _zrus |
|
| 203 |
_aТекст _bвизуальный _cнепосредственный |
||
| 210 |
_aКазан _cООО "45" _d2025 (печ. 2024) |
||
| 215 |
_a450, [1] с. _d21 |
||
| 300 | _aТекст рус., татар. | ||
| 320 | _aДругие тр. авт., лит. о нём: с. 361–448. | ||
| 333 | _a12+ | ||
| 541 | 1 |
_6z01790 _aРодной язык - хранитель народа. _zrus |
|
| 606 | 1 |
_aТатарский язык _91481084 _3RU\NLR\AUTH\66630778 |
|
| 606 | 1 |
_aЯзыковая политика _yТатарстан, Республика _92220904 _3RU\NLR\AUTH\661333598 |
|
| 686 | 1 | _aШ163.23 я44 | |
| 686 | 1 | _aШ121(2=Тат) | |
| 700 | 1 |
_aЮсупов _bР. Г. улы _f1938- _gРүзәл Габдуллаҗан улы |
|
| 790 | 1 |
_7ca _8rus _aЮсупов _bР. А. _f1938- _gРузаль Абдуллазянович _9130284 _3RU\NLR\auth-onl\77224 |
|
| 942 | _cBOOK | ||
| 980 | _aNB | ||